| 000 | 00510nam a22002057a 4500 | ||
|---|---|---|---|
| 999 |
_c7285 _d7285 |
||
| 003 | Ost | ||
| 005 | 20190805155355.0 | ||
| 008 | 190805b ||||| |||| 00| 0 eng d | ||
| 020 | _a9788120321984 | ||
| 040 | _cBT-PhCST | ||
| 050 | _a22782-22786 | ||
| 082 |
_222 _a681.2 _bPAT |
||
| 100 | _aPatranabis, D. | ||
| 245 | _aSensors and transducers / | ||
| 250 | _a2nd ed. | ||
| 260 |
_aDelhi : _bPHI Learning, _cc2018. |
||
| 300 |
_axi, 335 p. : _bill. ; _c24 cm. |
||
| 500 | _aIncludes index. | ||
| 942 |
_2ddc _cEE |
||